Строительная индустрия. Т. 6: Части зданий (Запись № 13621564)
[ простой вид ]
| 000 -МАРКЕР | |
|---|---|
| контрольное поле | 01818nam2a2200265 4500 |
| 001 - ИДЕНТИФИКАТОР ЗАПИСИ | |
| контрольное поле | rc\3034240 |
| 005 - ИДЕНТИФИКАТОР ВЕРСИИ | |
| контрольное поле | 20260315065234.0 |
| 035 ## - ДРУГИЕ СИСТЕМНЫЕ НОМЕРА | |
| Идентификатор записи | (NLR Aleph) 007174959 |
| 100 ## - ДАННЫЕ ОБЩЕЙ ОБРАБОТКИ | |
| Данные общей обработки | 20111003d1933 u y0rusy50 ca |
| 101 0# - ЯЗЫК РЕСУРСА | |
| Язык текста, звукозаписи и т.д. | русский |
| 105 ## - ПОЛЕ КОДИРОВАННЫХ ДАННЫХ: ТЕКСТОВЫЕ МАТЕРИАЛЫ, МОНОГРАФИЧЕСКИЕ | |
| Кодированные данные о монографическом текстовом документе | a z ||||| |
| 200 1# - ЗАГЛАВИЕ И СВЕДЕНИЯ ОБ ОТВЕТСТВЕННОСТИ | |
| Основное заглавие | Части зданий |
| Обозначение и номер части | Ч. 1 |
| Первые сведения об ответственности | Под общ. ред.: В.И. Вельман (гл. ред.), проф. Б.Н. Добровольского, инж. Н.С. Дюрнбаум ... [и др.] |
| Последующие сведения об ответственности | Под ред. инж. Н.С. Дюрнбаум |
| 210 ## - ПУБЛИКАЦИЯ, РАСПРОСТРАНЕНИЕ И ДР. | |
| Имя издателя, распространителя и т. д. | Госстройиздат |
| Дата издания, распространения и т.д. | 1933 |
| Место изготовления | Москва |
| Имя изготовителя | 1 журн. тип. Онти |
| 215 ## - ФИЗИЧЕСКАЯ ХАРАКТЕРИСТИКА | |
| Специфическое обозначение материала и объем | Переплет, 420, VII с., 3 с. объявл. |
| Другие сведения о физической характеристике | ил. |
| Размеры | 23×15 см |
| 320 ## - ПРИМЕЧАНИЯ О НАЛИЧИИ В ДОКУМЕНТЕ БИБЛИОГРАФИИ / УКАЗАТЕЛЯ | |
| Текст примечания | Библиогр.: "Литература" в конце отд. статей |
| 461 #0 - УРОВЕНЬ НАБОРА | |
| Встроенное поле | 001rc\3034236 |
| -- | 2001#$aСтроительная индустрия$eСправочное руководство по гражд. и пром. строительству в 17 томах$fПод общ. ред.: В.И. Вельман (гл. ред.), проф. П.С. Белова, инж. Б.П. Горбушина ... [и др.]$vТ. 6 |
| Системный номер (АБИС) связанной записи | 7383960 |
| Место публикации | Москва |
| Дата публикации | 1933-1937 |
| Первые сведения об ответственности | Под общ. ред.: В.И. Вельман (гл. ред.), проф. П.С. Белова, инж. Б.П. Горбушина ... [и др.] |
| Имя издателя, распространителя и т.д. | ОНТИ. Гл. ред. строит. лит. |
| Сведения, относящиеся к заглавию | Справочное руководство по гражд. и пром. строительству в 17 томах |
| Заглавие | Строительная индустрия |
| Номер тома | Т. 6 |
| 702 #1 - ИМЯ ЛИЦА - ВТОРИЧНАЯ ОТВЕТСТВЕННОСТЬ | |
| Начальный элемент ввода | Вельман |
| Часть имени, кроме начального элемента ввода | В.И. |
| Код отношения | Редактор |
| 702 #1 - ИМЯ ЛИЦА - ВТОРИЧНАЯ ОТВЕТСТВЕННОСТЬ | |
| Начальный элемент ввода | Добровольский |
| Часть имени, кроме начального элемента ввода | Б.Н. |
| Код отношения | Редактор |
| 702 #1 - ИМЯ ЛИЦА - ВТОРИЧНАЯ ОТВЕТСТВЕННОСТЬ | |
| Начальный элемент ввода | Дюрнбаум |
| Часть имени, кроме начального элемента ввода | Н.С. |
| Код отношения | Редактор |
| 801 #0 - ИСТОЧНИК ЗАПИСИ | |
| Страна | Российская Федерация |
| Организация | NLR |
| Правила каталогизации | psbo |
| 801 #1 - ИСТОЧНИК ЗАПИСИ | |
| Страна | Российская Федерация |
| Организация | ELAR |
| Источник данных | rusmarc |
| 852 ## - МЕСТОНАХОЖДЕНИЕ И ШИФР ХРАНЕНИЯ | |
| Идентификатор организации | NLR |
| Шифр хранения (Call Number) | 33-18/126(6) |
| 942 ## - ДОПОЛНИТЕЛЬНЫЕ ЭЛЕМЕНТЫ ЗАПИСИ (АБИС) | |
| Тип экземпляра АБИС | Неопределено |
| 980 ## - КОЛЛЕКЦИЯ | |
| Название коллекции | Национальная библиография |
Нет доступных экземпляров.